Cloud Computing (Record no. 4997)

MARC details
000 -LEADER
fixed length control field 00443nam a22001697a 4500
005 - DATE AND TIME OF LATEST TRANSACTION
control field 20180205142836.0
008 - FIXED-LENGTH DATA ELEMENTS--GENERAL INFORMATION
fixed length control field 160701b xxu||||| |||| 00| 0 eng d
020 ## - INTERNATIONAL STANDARD BOOK NUMBER
ISBN 978-83-83746-73-6
041 ## - LANGUAGE CODE
Language code of text/sound track or separate title eng
082 ## - DEWEY DECIMAL CLASSIFICATION NUMBER
Item number 004.65
100 ## - MAIN ENTRY--AUTHOR NAME
Personal name Pandey Dr. U sand choudhary Dr, kavita
245 ## - TITLE STATEMENT
Title Cloud Computing
260 ## - PUBLICATION, DISTRIBUTION, ETC. (IMPRINT)
Place of publication New Delhi
Name of publisher Sultan Chand & Sons,
Year of publication 2014
300 ## - PHYSICAL DESCRIPTION
Number of Pages 386
650 ## - SUBJECT ADDED ENTRY--TOPICAL TERM
Topical Term Information Technology
942 ## - ADDED ENTRY ELEMENTS (KOHA)
Koha item type Books
Holdings
Lost status Damaged status Collection code Home library Current library Shelving location Date acquired Cost, normal purchase price Full call number Accession Number Koha item type
    CS/IT JRU Library JRU Library SHELF-49-I 01/07/2016 250.00 004.65 20182 Books
    CS/IT JRU Library JRU Library SHELF-49-I 01/07/2016 250.00 004.65 20183 Books
    CS/IT JRU Library JRU Library SHELF-49-I 01/07/2016 250.00 004.65 20184 Books